Река Дунав и град Русе (Запис номер 190190)
[ съкратено ]
| 000 -Лидер | |
|---|---|
| Контролно поле с фиксирана дължина | 02283nam a2200541 c 4500 |
| 003 - Код на организацията, давaща контролен номер | |
| Контролно поле | BLK |
| 005 - Дата и час на последна редакция | |
| Контролно поле | 20240618091429.0 |
| 008 - Елементи от данни с фиксирана дължина | |
| fixed length control field | 180411b bul|||||r ||||||| ||bul|| |
| 010 ## - Наследен системен номер | |
| LC control number | KNG00199299000 |
| 020 ## - Международен стандартен номер на книга ISBN | |
| Международен стандартен номер на книга ISBN | 978-619-7058-45-1 |
| 040 ## - Източник на каталожния запис | |
| Идентификатор на билиотеката - собственик на записа | BLK |
| 041 ## - Код за език | |
| Код за езика на текст/звукозапис или на отделно заглавие | Български |
| Код за езика КДБФ | Български |
| 072 #7 - Код за тематичната категория | |
| Код организация | bullib |
| Код за тематична категория | Н93 |
| Текст | Краезнание - отраслова литература Н |
| 072 #7 - Код за тематичната категория | |
| Код организация | bullib |
| Код за тематична категория | К |
| Текст | Краезнание |
| 072 #7 - Код за тематичната категория | |
| Код организация | bullib |
| Код за тематична категория | РА |
| Текст | Русенски автори |
| 080 ## - УДК | |
| Текстов определител УДК | Краезнание |
| УДК код - определител по УДК | 908 |
| УДК определител | (497.215)(063) |
| УДК - код + определител | 908(497.215)(063) |
| 080 ## - УДК | |
| Текстов определител УДК | Регионална икономика. Териториална икономика. Вж и 314.7 ; 330.15 ; 330.322 ; 331.5 ; 338.49 |
| УДК код - определител по УДК | 332.1 |
| УДК определител | (497.215+282.243.7)(063) |
| УДК - код + определител | 332.1(497.215+282.243.7)(063) |
| 139 ## - Редно поле | |
| Редна дума | Кръгла маса Река Дунав и град Русе. Русе |
| Авторски знак | Кръ - К 92 |
| 245 10 - Сведения за заглавието | |
| Заглавие | Река Дунав и град Русе |
| Подзаглавни данни | Сб. със съобщения от кръгла маса, провела се на 5 окт. 2015 г. |
| Редно поле (дума) | състав. и уводна студия Николай Иванов Чакъров. |
| 257 ## - Страна на издаване | |
| Страна на създаване/издаване | България |
| 260 ## - Област на издателските данни | |
| Име на издателя, разпространителя и проч. | Лени Ан |
| Година на издаване | 2016 |
| 300 ## - Физическа характеристика | |
| Страници | 94 с. |
| Размери/Мащаб | 20 см |
| 380 ## - Жанр | |
| Жанр | История |
| 500 ## - Общи забележки | |
| Забележка | Библиогр. след отд. докл. |
| 650 #4 - Допълнително описание по предмет – тема | |
| Основно описание – тема или топоним | Русе - история |
| 9 (RLIN) | 242626 |
| 650 #4 - Допълнително описание по предмет – тема | |
| Основно описание – тема или топоним | Дунав - социално, екологично и икономическо значение |
| 9 (RLIN) | 313145 |
| 651 #4 - Допълнително описание по предмет - топоним | |
| Географско понятие | Русе |
| 9 (RLIN) | 179462 |
| 651 #4 - Допълнително описание по предмет - топоним | |
| Географско понятие | Дунав |
| 9 (RLIN) | 178849 |
| 651 #4 - Допълнително описание по предмет - топоним | |
| Географско понятие | България |
| 9 (RLIN) | 241624 |
| 653 ## - Ключова дума – ненормативна | |
| Ключова дума | Русе |
| 653 ## - Ключова дума – ненормативна | |
| Ключова дума | Дунав |
| 653 ## - Ключова дума – ненормативна | |
| Ключова дума | градове |
| 653 ## - Ключова дума – ненормативна | |
| Ключова дума | реки |
| 653 ## - Ключова дума – ненормативна | |
| Ключова дума | българска история |
| 653 ## - Ключова дума – ненормативна | |
| Ключова дума | кръгла маса |
| 659 ## - Тематичен бюлетин | |
| Тематичен бюлетин | К |
| 659 ## - Тематичен бюлетин | |
| Тематичен бюлетин | Н |
| 700 1# - Други автори (авторска отговорност) | |
| Лично име | Чакъров, Николай Иванов |
| Автороска отговорност (Описва отношението между автора и произведението) | състав. и уводна студия |
| 9 (RLIN) | 381135 |
| 710 1# - Име на организация или юридическо лице като допълнителен термин за търсене | |
| Наименование на организация или юридическо лице като редна дума | Кръгла маса Река Дунав и град Русе. Русе |
| 9 (RLIN) | 345090 |
| 852 ## - Местоположение | |
| Форматна сигнатура | Цб 284069 |
| 852 ## - Местоположение | |
| Форматна сигнатура | К 908/К 92 |
| 856 4# - Електронен адрес и достъп | |
| Електронен формат | pdf - файл |
| 856 4# - Електронен адрес и достъп | |
| Електронен формат | pdf - файл |
| 999 ## - СИСТЕМНИ КОНТРОЛНИ НОМЕРА | |
| Koha biblionumber | 190190 |
| Koha biblioitemnumber | 190190 |
| 942 ## - АРТИКУЛИ | |
| Вид на библиотечния материал | Книги |
| Скрит в OPAC | Не |
| Koha issues (borrowed), all copies | 11 |
| Периодичен библиозапис | Да |
| 944 ## - СЪЗДАВАНЕ И РЕДАКЦИЯ на ЗАПИСА | |
| Създаване/Редакция | Създаване |
| Дата на регистрацията/редакция | 19.01.2017 |
| Статус, дата на статуса | Валя Йорданова |
| Служител, извършил регистрацията/редакцията | 30558 |
| 944 ## - СЪЗДАВАНЕ И РЕДАКЦИЯ на ЗАПИСА | |
| Създаване/Редакция | Редакция |
| Дата на регистрацията/редакция | 16.05.2017 |
| Статус, дата на статуса | ф / |
| Служител, извършил регистрацията/редакцията | Пенка_Димитрова |
| 999 ## - СИСТЕМНИ КОНТРОЛНИ НОМЕРА | |
| Koha biblioitemnumber | 190190 |
| Код за отписване | Код за изгубен артикул | Код за повреда | Коз за рестрикции | Код за отдаване | Артикулен № | Име на библиотеката - собственик | Име на библиотеката, в която се намира в момента | Статус (Текущо местоположение) | Дата на вписване в системата | Местоположение - отдел | Цена в лева | Инвентарен номер | Систематично азбучна сигнатура | Баркод | Номер на екземпляра | Цена в евро | Служебна бележка | Служебен тип на артикула | Източник на класификационната схема |
|---|---|---|---|---|---|---|---|---|---|---|---|---|---|---|---|---|---|---|---|
| Не е изгубен | Не е повреден | без рестрикции | ползва се в читалня | 334599 | Регионална библиотека "Любен Каравелов" Русе | Регионална библиотека "Любен Каравелов" Русе | Хранилище | 2017-01-23 | Основен фонд - ползва се само за читалня | 5.00 | 120000807901 | Цб 284069 | 120000807901 | 1 | 2.56 | Дост: DA Вид: А N: 5 Дата: 23.01.2017 | Книги | ||
| Не е изгубен | Не е повреден | без рестрикции | ползва се в читалня | 334600 | Регионална библиотека "Любен Каравелов" Русе | Регионална библиотека "Любен Каравелов" Русе | Краезнание | 2017-01-23 | Краезнание | 5.00 | 120000807902 | К 908/К 92 | 120000807902 | 2 | 2.56 | Дост: DA Вид: А N: 5 Дата: 23.01.2017 Дата инв: 06.11.2017 Бележки инв: К2017 | Книги | Universal Decimal Classification | |
| Не е изгубен | Не е повреден | без рестрикции | заемане за дома | 334601 | Регионална библиотека "Любен Каравелов" Русе | Регионална библиотека "Любен Каравелов" Русе | Заемна - подръчен фонд | 2017-01-23 | Заемна - подръчен фонд | 5.00 | 120000807903 | П 908(497.2)/К 92 | 120000807903 | 3 | 2.56 | Дост: DA Вид: А N: 5 Дата: 23.01.2017 Дата инв: 07.02.2018 Бележки инв: П2018 | Книги | ||
| Не е изгубен | Не е повреден | без рестрикции | заемане за дома | 334602 | Регионална библиотека "Любен Каравелов" Русе | Регионална библиотека "Любен Каравелов" Русе | Заемна - подръчен фонд | 2017-01-23 | Заемна - подръчен фонд | 5.00 | 120000807904 | П 908(497.2)/К 92 | 120000807904 | 4 | 2.56 | Дост: DA Вид: А N: 5 Дата: 23.01.2017 Дата инв: 07.02.2018 Бележки инв: П2018 | Книги | ||
| Не е изгубен | Не е повреден | без рестрикции | ползва се в читалня | 334603 | Регионална библиотека "Любен Каравелов" Русе | Регионална библиотека "Любен Каравелов" Русе | Хранилище | 2017-05-15 | Хранилище | 5.00 | 120000810954 | Цб 284069 | 120000810954 | 5 | 2.56 | Дост: Dp Вид: Д N: 14 Дата: 15.03.2017 | Книги | ||
| Не е изгубен | Не е повреден | заемане за дома | 689119 | Регионална библиотека "Любен Каравелов" Русе | Регионална библиотека "Любен Каравелов" Русе | Заемна - подръчен фонд | 2019-02-12 | Заемна - подръчен фонд | 10.00 | П 908/(497.2)/К 92 | 120000829686 | 5.11 | Книги | Universal Decimal Classification |